[Event "Challenge"]
[Site "http://www.queenalice.com/game.php?id=1185714"]
[Date "2013.5.29"]
[Round "-"]
[White "trleal"]
[Black "mrjoe"]
[Result "0-1"]
[WhiteElo "1064"]
[BlackElo "1805"]

1. e4 c6 2. a4 e5 3. h4 Nf6 4. Nc3 Be7 5. b3 d5 6. d4 exd4 7. Qxd4 dxe4 8. Qxd8+
Bxd8 9. g3 O-O 10. h5 h6 11. Ba3 Re8 12. Rd1 Bg4 13. Rd2 Bxh5 14. Rh4 Bf3 15.
Bc4 Ba5 16. b4 e3 17. fxe3 Rxe3+ 18. Kf2 Rxc3 19. Rd3 Rxd3 20. Bxd3 Bb6+ 21.
Kxf3 Bxg1 22. Rh1 Bb6 23. Re1 Nbd7 24. a5 Bd4 25. g4 Ne5+ 26. Ke2 Nfxg4 27. c3
Bxc3 28. Rf1 Nxd3 29. Kxd3 Bf6 30. Rd1 Rd8+ 31. Kc2 Rxd1 32. Kxd1 Ne3+ 33. Kd2
Nc4+ 34. Kd3 Nxa3 35. Ke3 b6 36. axb6 axb6 37. Kd3 h5 38. Ke2 h4 39. Kf2 c5 0-1

[Event "agora e para valer"]
[Site "http://www.queenalice.com/game.php?id=1185840"]
[Date "2013.5.29"]
[Round "-"]
[White "fabpav"]
[Black "trleal"]
[Result "1-0"]
[WhiteElo "992"]
[BlackElo "1300"]

1. e4 e5 2. f4 Nc6 3. Bc4 Qh4+ 4. g3 Qe7 5. Ne2 h5 6. Nbc3 Nf6 7. d3 g6 8. f5
Qc5 9. fxg6 Ng4 10. gxf7+ Ke7 11. Bg5+ Kd6 12. Rf1 Rh7 13. Rf6+ Nxf6 14. Bxf6
Bh6 15. Kf1 Be3 16. Na4 Qa5 17. Nec3 Rh6 18. Qf3 Nd4 19. Qxe3 Rxf6+ 20. Kg2 b5
21. Qg5 Ke7 22. Nd5+ Ke6 23. Nxf6+ bxc4 24. f8=Q Bb7 25. Ne8 d6 26. Qff6+ Kd7
27. Qgg7+ Kc6 28. Nxc7 Qd2+ 29. Qf2 Ne2 30. Nxa8 Bxa8 31. Re1 Qxc2 32. Rxe2 Qxa4
33. Qfxa7 Qd1 34. Qxa8+ Kb5 35. Qgb7+ Kc5 36. Qd5+ Kb4 37. Qb8+ Ka4 38. Qxc4+
Ka5 39. Qbb5# 1-0

[Event "OS INCLIVEIS"]
[Site "http://www.queenalice.com/game.php?id=1193604"]
[Date "2013.6.23"]
[Round "-"]
[White "adelio"]
[Black "trleal"]
[Result "1-0"]
[WhiteElo "1729"]
[BlackElo "1064"]

1. d4 d5 2. e4 Nf6 3. e5 Ne4 4. f3 Ng5 5. Bxg5 a5 6. Nc3 b6 7. Bd3 g6 8. Nge2 h5
9. h4 Nc6 10. a3 Qd7 11. Nf4 e6 12. Qd2 Be7 13. Bf6 Rh7 14. Nxg6 fxg6 15. Bxg6+
Rf7 16. Qh6 Bxf6 17. exf6 Nxd4 18. Qh8# 1-0

[Event "Challenge"]
[Site "http://www.queenalice.com/game.php?id=1195978"]
[Date "2013.7.1"]
[Round "-"]
[White "Petrucio"]
[Black "trleal"]
[Result "0-1"]
[WhiteElo "1137"]
[BlackElo "1064"]

1. Nc3 e5 2. Nd5 c6 3. d3 cxd5 4. Qd2 Nc6 5. b4 a6 6. f3 Qh4+ 7. g3 Qd4 8. c3
Qb6 9. Qb2 Be7 10. f4 Nf6 11. Be3 Qxe3 12. Nf3 Ng4 13. fxe5 Nf2 14. Qb3 Nxh1 15.
Bg2 Qf2+ 16. Kd2 Qxg2 17. Qxd5 Bg5+ 18. Kc2 Qxe2+ 19. Kb3 h6 20. Qe4 Qf2 21. Nd4
g6 22. Rxh1 a5 23. Ka4 Na7 24. b5 Qxa2# 0-1

[Event "Challenge"]
[Site "http://www.queenalice.com/game.php?id=1205968"]
[Date "2013.8.7"]
[Round "-"]
[White "Petrucio"]
[Black "trleal"]
[Result "1-0"]
[WhiteElo "1054"]
[BlackElo "1158"]

1. e3 e5 2. Qh5 g6 3. Qh3 d6 4. Qf3 Nf6 5. Nc3 Nc6 6. Nd5 Bg7 7. g4 Nxg4 8. h3
Nf6 9. Nxf6+ Bxf6 10. Qd5 h5 11. Bc4 a5 12. Qxf7# 1-0

[Event "CASCUTIA LA BERA"]
[Site "http://www.queenalice.com/game.php?id=1213379"]
[Date "2013.8.31"]
[Round "3"]
[White "vierad2"]
[Black "trleal"]
[Result "1-0"]
[WhiteElo "1269"]
[BlackElo "1144"]

1. e4 e5 2. Nf3 Nc6 3. c3 Nf6 4. b4 b6 5. d4 d6 6. d5 Nb8 7. a4 h5 8. Ng5 g6 9.
Bb5+ Bd7 10. c4 a6 11. Bxd7+ Nbxd7 12. f3 Be7 13. Nc3 Ng8 14. h4 f6 15. Ne6 Qc8
16. b5 Nc5 17. a5 axb5 18. Nxb5 Nxe6 19. dxe6 c6 20. Nc3 Qxe6 21. Qa4 Kf7 22.
Qxc6 Rc8 23. Qxb6 Rd8 24. Ra4 Nh6 25. a6 Rb8 26. Qa5 Bd8 27. Qd5 Qxd5 28. cxd5
Rb3 29. Rc4 Ba5 30. Bd2 Rhb8 31. O-O g5 32. hxg5 fxg5 33. Rc1 Bb4 34. Bxg5 Rb2
35. Bxh6 Rg8 36. Rc7+ Kg6 37. Rg7+ Rxg7 38. Bxg7 h4 39. Bf8 Bc5+ 40. Kh2 Rb8 41.
Be7 Rh8 42. Nb5 Be3 43. Rb1 Bf4+ 44. Kh3 Bg3 45. Nc7 Bf2 46. Bxd6 Rh5 47. Rb8
Kg5 48. Ne6+ Kf6 49. a7 Bxa7 50. Rf8+ 1-0

[Event "QUINTAS VII"]
[Site "http://www.queenalice.com/game.php?id=1216692"]
[Date "2013.9.13"]
[Round "-"]
[White "perucona"]
[Black "trleal"]
[Result "1-0"]
[WhiteElo "1281"]
[BlackElo "1003"]

1. e4 e5 2. d4 d6 3. dxe5 dxe5 4. Qxd8+ Kxd8 5. Nf3 Nc6 6. Nc3 Nf6 7. Bg5 Bg4 8.
Bxf6+ gxf6 9. O-O-O+ Bd6 10. Bb5 a6 11. Bxc6 bxc6 12. Rd2 Ke7 13. Rhd1 Bb4 14.
h3 Bxc3 15. bxc3 Rhb8 16. hxg4 Rb5 17. Rd7+ Ke6 18. g5 Rab8 19. c4 Rb1+ 20. Kd2
Kxd7 21. Rxb1 Rxb1 22. c3 Rb2+ 23. Kd3 Rxa2 24. g4 a5 25. Ne1 a4 26. Nc2 c5 27.
f3 fxg5 28. Kd2 Rb2 29. Kc1 Rb3 30. Kd1 a3 31. Na1 Rb1+ 32. Kc2 Rxa1 33. Kb3 h6
34. Ka4 a2 35. Ka3 Rf1 36. Kxa2 Rxf3 37. Kb2 Rf4 38. Kc2 Rxg4 39. Kd3 1-0